000 00513nam a22001815i 4500
001 48278
003 ES-MaACL
005 20230906161726.0
007 t|
008 950711s1879 fr a ||||1| fre d
040 _aCAM
_bspa
_cCAM
100 1 _aChoisy, Auguste.
_938594
245 1 2 _aL'art de batir chez les romains /
_cpar Auguste Choisy.
260 _aParis :
_bDuchez et Cie,
_c1879.
300 _a216 p., XXIV h. de lám. ;
_c42 cm.
650 4 _aArquitectura romana.
_910056
852 _aES-MaACL
_jG-4216
999 _c48278
_d48278